Normal view
MARC view
Entry Personal Name
001 - CONTROL NUMBER
- control field: 827611
003 - CONTROL NUMBER IDENTIFIER
- control field: OSt
005 - DATE AND TIME OF LATEST TRANSACTION
- control field: 20250923144717.0
008 - FIXED-LENGTH DATA ELEMENTS
- fixed length control field: 250923|| aca||aabn | a|a d
040 ## - CATALOGING SOURCE
- Original cataloging agency: OSt
- Transcribing agency: OSt
100 ## - HEADING--PERSONAL NAME
- Personal name: Millar, Swanson
670 ## - SOURCE DATA FOUND
- Source citation: Work cat.: (OSt)1442358: Millar, Swanson , Changing American parent, 1958
